Taylor Swift - 1989 (Taylor's Version) - Statistics

General Stats
  • This quiz has been taken 54 times
  • The average score is 17 of 23
Answer Stats
2014 1989 % Correct
1 Welcome To New York
100%
8 Bad Blood
92%
2 Blank Space
92%
4 Out Of The Woods
92%
17 "Slut!"
89%
3 Style
89%
6 Shake It Off
86%
21 Is It Over Now?
84%
19 Now That We Don't Talk
81%
13 Clean
78%
16 New Romantics
78%
9 Wildest Dreams
76%
14 Wonderland
76%
11 This Love
73%
20 Suburban Legends
70%
10 How You Get The Girl
68%
18 Say Don't Go
65%
5 All You Had To Do Was Stay
62%
15 You Are In Love
62%
12 I Know Places
57%
7 I Wish You Would
51%
23 Sweeter Than Fiction
32%
22 Bad Blood (feat. Kendrick Lamar)
27%
No matching quizzes found
Score Distribution
Percent of People with Each Score
Percentile by Number Answered
Your Score History
You have not taken this quiz